International encyclopedia of the social sciences

Gespeichert in:
Bibliographische Detailangaben
1. Verfasser: Sills, David L (VerfasserIn)
Format: Buch
Sprache:Englisch
Veröffentlicht: Nueva York The Macmillan Company 1968
Nueva York The Free Press 1968
Schlagworte:
Tags: Tag hinzufügen
Keine Tags, Fügen Sie den ersten Tag hinzu!

MARC

LEADER 00000nam a2200000 a 4500
001 UCR6817
003 CL-VaPUC
008 980423e19680000us |||||||||||||||||eng|d
082 0 4 |a 300.3  |b SIL  |2 21 
100 0 |a Sills, David L  |e author  |9 407965 
245 1 0 |a International encyclopedia of the social sciences 
300 |a 17 v 
942 |c BK 
945 |d 19980423 00:00:00  |a lriquelm 
260 |a Nueva York  |b The Macmillan Company  |c 1968 
260 |a Nueva York  |b The Free Press  |c 1968 
650 0 |a Ciencias sociales   |9 256351 
650 0 |a Diccionarios  |9 256200 
650 7 |a ENCICLOPEDIA  |2 CL-VaPUC  |9 331864 
583 |a last modification  |c 20171218 02:37:53  |k Rodrigo Vera 
999 |c 268723  |d 268721 
952 |0 0  |1 0  |4 0  |6 300_300000000000000_SIL_1968_1968  |7 0  |8 F  |9 301990  |a BIBENE  |b BIBENE  |d 2019-11-20  |h v.1  |i 1982478  |o 300.3 SIL 1968 1968  |p 1982478  |r 2025-01-15  |w 2019-11-20  |y BK_F  |k ICO 
952 |0 0  |1 0  |4 0  |6 300_300000000000000_SIL_1968_1968  |7 0  |8 F  |9 301991  |a BIBENE  |b BIBENE  |d 2019-11-20  |h v.2  |i 1982427  |o 300.3 SIL 1968 1968  |p 1982427  |r 2025-01-15  |w 2019-11-20  |y BK_F  |k ICO 
952 |0 0  |1 0  |4 0  |6 300_300000000000000_SIL_1968_1968  |7 0  |8 F  |9 301992  |a BIBENE  |b BIBENE  |d 2019-11-20  |h v.3  |i 1982877  |o 300.3 SIL 1968 1968  |p 1982877  |r 2025-01-15  |w 2019-11-20  |y BK_F  |k ICO 
952 |0 0  |1 0  |4 0  |6 300_300000000000000_SIL_1968_1968  |7 0  |8 F  |9 301993  |a BIBENE  |b BIBENE  |d 2019-11-20  |h v.4  |i 1982826  |o 300.3 SIL 1968 1968  |p 1982826  |r 2025-01-15  |w 2019-11-20  |y BK_F  |k ICO 
952 |0 0  |1 0  |4 0  |6 300_300000000000000_SIL_1968_1968  |7 0  |8 F  |9 301994  |a BIBENE  |b BIBENE  |d 2019-11-20  |h v.5  |i 1982974  |o 300.3 SIL 1968 1968  |p 1982974  |r 2025-01-15  |w 2019-11-20  |y BK_F  |k ICO 
952 |0 0  |1 0  |4 0  |6 300_300000000000000_SIL_1968_1968  |7 0  |8 F  |9 301995  |a BIBENE  |b BIBENE  |d 2019-11-20  |h v.6  |i 1982923  |o 300.3 SIL 1968 1968  |p 1982923  |r 2025-01-15  |w 2019-11-20  |y BK_F  |k ICO 
952 |0 0  |1 0  |4 0  |6 300_300000000000000_SIL_1968_1968  |7 0  |8 F  |9 301996  |a BIBENE  |b BIBENE  |d 2019-11-20  |h v.7  |i 1982842  |o 300.3 SIL 1968 1968  |p 1982842  |r 2025-01-15  |w 2019-11-20  |y BK_F  |k ICO 
952 |0 0  |1 0  |4 0  |6 300_300000000000000_SIL_1968_1968  |7 0  |8 F  |9 301997  |a BIBENE  |b BIBENE  |d 2019-11-20  |h v.8  |i 1982893  |o 300.3 SIL 1968 1968  |p 1982893  |r 2025-01-15  |w 2019-11-20  |y BK_F  |k ICO 
952 |0 0  |1 0  |4 0  |6 300_300000000000000_SIL_1968_1968  |7 0  |8 F  |9 301998  |a BIBENE  |b BIBENE  |d 2019-11-20  |h v.9  |i 1982303  |o 300.3 SIL 1968 1968  |p 1982303  |r 2025-01-15  |w 2019-11-20  |y BK_F  |k ICO 
952 |0 0  |1 0  |4 0  |6 300_300000000000000_SIL_1968_1968  |7 0  |8 F  |9 301999  |a BIBENE  |b BIBENE  |d 2019-11-20  |h v.10  |i 1982354  |o 300.3 SIL 1968 1968  |p 1982354  |r 2025-01-15  |w 2019-11-20  |y BK_F  |k ICO 
952 |0 0  |1 0  |4 0  |6 300_300000000000000_SIL_1968_1968  |7 0  |8 F  |9 302000  |a BIBENE  |b BIBENE  |d 2019-11-20  |h v.11  |i 1982206  |o 300.3 SIL 1968 1968  |p 1982206  |r 2025-01-15  |w 2019-11-20  |y BK_F  |k ICO 
952 |0 0  |1 0  |4 0  |6 300_300000000000000_SIL_1968_1968  |7 0  |8 F  |9 302001  |a BIBENE  |b BIBENE  |d 2019-11-20  |h v.12  |i 1982257  |o 300.3 SIL 1968 1968  |p 1982257  |r 2025-01-15  |w 2019-11-20  |y BK_F  |k ICO 
952 |0 0  |1 0  |4 0  |6 300_300000000000000_SIL_1968_1968  |7 0  |8 F  |9 302002  |a BIBENE  |b BIBENE  |d 2019-11-20  |h v.13  |i 1982753  |o 300.3 SIL 1968 1968  |p 1982753  |r 2025-01-15  |w 2019-11-20  |y BK_F  |k ICO 
952 |0 0  |1 0  |4 0  |6 300_300000000000000_SIL_1968_1968  |7 0  |8 F  |9 302003  |a BIBENE  |b BIBENE  |d 2019-11-20  |h v.14  |i 1982702  |o 300.3 SIL 1968 1968  |p 1982702  |r 2025-01-15  |w 2019-11-20  |y BK_F  |k ICO 
952 |0 0  |1 0  |4 0  |6 300_300000000000000_SIL_1968_1968  |7 0  |8 F  |9 302004  |a BIBENE  |b BIBENE  |d 2019-11-20  |h v.15  |i 1982656  |o 300.3 SIL 1968 1968  |p 1982656  |r 2025-01-15  |w 2019-11-20  |y BK_F  |k ICO 
952 |0 0  |1 0  |4 0  |6 300_300000000000000_SIL_1968_1968  |7 0  |8 F  |9 302005  |a BIBENE  |b BIBENE  |d 2019-11-20  |h v.16  |i 1982605  |o 300.3 SIL 1968 1968  |p 1982605  |r 2025-01-15  |w 2019-11-20  |y BK_F  |k ICO 
952 |0 0  |1 0  |4 0  |6 300_300000000000000_SIL_1968_1968  |7 0  |8 F  |9 302006  |a BIBENE  |b BIBENE  |d 2019-11-20  |h v.17  |i 1982990  |o 300.3 SIL 1968 1968  |p 1982990  |r 2025-01-15  |w 2019-11-20  |y BK_F  |k ICO